[Event "EU-chT Seniors"]
[Site "Vienna"]
[Date "2015.07.18"]
[Round "7.21"]
[White "Schueppen, Heinrich"]
[Black "Frick, Guenter"]
[Result "0-1"]
[WhiteElo "1836"]
[BlackElo "2061"]
[PlyCount "52"]
[EventDate "2015.07.12"]
[EventType "team-swiss"]
[EventRounds "9"]
[EventCountry "AUT"]
[SourceTitle "EXT 2018"]
[Source "ChessBase"]
[SourceDate "2017.10.13"]
[SourceVersion "1"]
[SourceVersionDate "2017.10.13"]
[SourceQuality "1"]
[WhiteTeam "DSW DBAG III"]
[BlackTeam "Voralberg"]
[WhiteTeamCountry "GER"]
[BlackTeamCountry "AUT"]

1. d4 d5 2. Nf3 g6 3. c4 c6 4. e3 Nf6 5. c5 Bg7 6. Nc3 0-0 7. Be2 Nbd7 8. b4 a5 9. b5 Ne4 10. Nxe4 dxe4 11. Nd2 Nxc5 12. Rb1 Nd3+ 13. Bxd3 exd3 14. Qb3 Be6 15. Qxd3 Bxa2 16. Rb2 Be6 17. bxc6 bxc6 18. Rc2 Bc8 19. Qc3 Bf5 20. Ra2 Qd5 21. Ra4 Qxg2 22. Rf1 c5 23. Rxa5 cxd4 24. exd4 Rxa5 25. Qxa5 Bxd4 26. Qc7 Rc8 0-1

[Event "EU-chT Seniors"]
[Site "Vienna"]
[Date "2015.07.16"]
[Round "5.18"]
[White "Frick, Guenter"]
[Black "Farrand, Julian"]
[Result "0-1"]
[WhiteElo "2061"]
[BlackElo "1994"]
[PlyCount "67"]
[EventDate "2015.07.12"]
[EventType "team-swiss"]
[EventRounds "9"]
[EventCountry "AUT"]
[SourceTitle "EXT 2018"]
[Source "ChessBase"]
[SourceDate "2017.10.13"]
[SourceVersion "1"]
[SourceVersionDate "2017.10.13"]
[SourceQuality "1"]
[WhiteTeam "Voralberg"]
[BlackTeam "England III"]
[WhiteTeamCountry "AUT"]
[BlackTeamCountry "ENG"]

1. e4 d6 2. d4 Nf6 3. Nc3 c6 4. h3 Nbd7 5. a4 e5 6. Nf3 Be7 7. Be3 a5 8. Bc4 h6 9. Qd2 Qc7 10. Bb3 Rb8 11. dxe5 dxe5 12. 0-0 Bb4 13. Qd3 Nc5 14. Bxc5 Bxc5 15. Rad1 0-0 16. Nh4 Kh7 17. Qf3 Qe7 18. Nf5 Bxf5 19. Qxf5+ g6 20. Qf3 Rbd8 21. Ne2 Rxd1 22. Rxd1 Kg7 23. Qd3 Bb6 24. Ng3 Rd8 25. Qe2 Rxd1+ 26. Qxd1 h5 27. Qf3 Qb4 28. Kf1 h4 29. Ne2 Qxe4 30. Ng1 Bd4 31. c3 Bb6 32. Qxe4 Nxe4 33. Nf3 f6 34. Bc2 0-1

[Event "EU-chT Seniors"]
[Site "Vienna"]
[Date "2015.07.12"]
[Round "1.5"]
[White "Frick, Guenter"]
[Black "Karasev, Vladimir I"]
[Result "0-1"]
[WhiteElo "2061"]
[BlackElo "2326"]
[PlyCount "61"]
[EventDate "2015.07.12"]
[EventType "team-swiss"]
[EventRounds "9"]
[EventCountry "AUT"]
[SourceTitle "EXT 2018"]
[Source "ChessBase"]
[SourceDate "2017.10.13"]
[SourceVersion "1"]
[SourceVersionDate "2017.10.13"]
[SourceQuality "1"]
[WhiteTeam "Voralberg"]
[BlackTeam "St Petersburg"]
[WhiteTeamCountry "AUT"]
[BlackTeamCountry "RUS"]

1. e4 c5 2. Nf3 e6 3. d4 cxd4 4. Nxd4 a6 5. Bd3 Nf6 6. 0-0 e5 7. Nb3 d6 8. Bg5 Be6 9. c3 Nbd7 10. Bc2 h6 11. Bxf6 Nxf6 12. N1d2 Be7 13. Re1 Bg4 14. f3 Qb6+ 15. Kh1 Be6 16. Qe2 Qc7 17. Nf1 0-0 18. Ne3 Rfc8 19. g3 Bf8 20. Rad1 b5 21. Bb1 Qb7 22. Bd3 g6 23. Ng2 Rab8 24. Rd2 h5 25. Red1 Bh6 26. Rc2 a5 27. Nc1 Qb6 28. Re1 b4 29. c4 a4 30. b3 axb3 31. Nxb3 0-1

[Event "Oberwart op"]
[Site "Oberwart"]
[Date "2011.07.11"]
[Round "3"]
[White "Frick, Guenter"]
[Black "Danner, Georg"]
[Result "0-1"]
[WhiteElo "2068"]
[BlackElo "2401"]
[PlyCount "31"]
[EventDate "2011.07.09"]
[EventType "swiss"]
[EventRounds "9"]
[EventCountry "AUT"]
[SourceTitle "CBM 143 Extra"]
[Source "ChessBase"]
[SourceDate "2011.08.29"]
[SourceVersion "1"]
[SourceVersionDate "2011.08.29"]
[SourceQuality "1"]

1. e4 c5 2. Nf3 Nc6 3. d4 cxd4 4. Nxd4 Nf6 5. Nc3 d6 6. Nb3 a6 7. a4 g6 8. Be2 Bg7 9. Bg5 0-0 10. Qd2 Be6 11. Nd4 Nxd4 12. Qxd4 Nd5 13. Qd3 Nxc3 14. bxc3 Rc8 15. Bd2 Qa5 16. Rb1 0-1

[Event "Oberwart op"]
[Site "Oberwart"]
[Date "2011.07.10"]
[Round "2"]
[White "Bahl, Felix"]
[Black "Frick, Guenter"]
[Result "1-0"]
[WhiteElo "1848"]
[BlackElo "2068"]
[PlyCount "125"]
[EventDate "2011.07.09"]
[EventType "swiss"]
[EventRounds "9"]
[EventCountry "AUT"]
[SourceTitle "CBM 143 Extra"]
[Source "ChessBase"]
[SourceDate "2011.08.29"]
[SourceVersion "1"]
[SourceVersionDate "2011.08.29"]
[SourceQuality "1"]

1. g3 d5 2. c4 c6 3. b3 Nf6 4. Bg2 Bf5 5. Nf3 e6 6. 0-0 h6 7. Bb2 Nbd7 8. d3 Be7 9. Nbd2 0-0 10. a3 a5 11. cxd5 exd5 12. Ne5 Nxe5 13. Bxe5 Nd7 14. Bc3 Bf6 15. Qc2 Bxc3 16. Qxc3 Qf6 17. Rfc1 Qxc3 18. Rxc3 Be6 19. d4 Nf6 20. Rb1 Bf5 21. Rb2 Rfe8 22. e3 Bd7 23. b4 axb4 24. Rxb4 b5 25. f3 Ra7 26. g4 Rea8 27. Nb1 Kf8 28. Kf2 Ke7 29. Rb2 Ra4 30. Ke1 Ne8 31. h3 Nd6 32. Bf1 f5 33. Bd3 fxg4 34. hxg4 Rf8 35. Rf2 Be8 36. Ke2 Kd7 37. Nd2 Nc4 38. Nxc4 bxc4 39. Bc2 Ra5 40. e4 Bf7 41. Ke3 Rb8 42. e5 Be6 43. Rg2 g5 44. Rh2 Rh8 45. a4 Raa8 46. Ra3 c5 47. a5 cxd4+ 48. Kxd4 Raf8 49. a6 Rf4+ 50. Kc5 Rc8+ 51. Kb6 Rc6+ 52. Kb5 Kc7 53. Rxh6 c3 54. Rh7+ Bd7 55. Rxd7+ Kxd7 56. a7 Rc8 57. a8Q Rxa8 58. Rxa8 Rxf3 59. Bf5+ Ke7 60. Ra7+ Ke8 61. Rc7 d4 62. Kc4 c2 63. Kxd4 1-0

[Event "Oberwart op"]
[Site "Oberwart"]
[Date "2004.07.15"]
[Round "6"]
[White "Frick, Guenter"]
[Black "Manea, Alexandru"]
[Result "1/2-1/2"]
[WhiteElo "2071"]
[BlackElo "2336"]
[PlyCount "29"]
[EventDate "2004.07.10"]
[EventType "swiss"]
[EventRounds "9"]
[EventCountry "AUT"]
[SourceTitle "CBM 103 Extra"]
[Source "ChessBase"]
[SourceDate "2005.01.01"]
[SourceVersion "1"]
[SourceVersionDate "2005.01.01"]
[SourceQuality "1"]

1. e4 c5 2. Nc3 Nc6 3. g3 g6 4. Bg2 Rb8 5. a4 h5 6. h4 Bg7 7. Nge2 d6 8. d3 a6 9. 0-0 Bg4 10. f3 Bd7 11. Nd5 e6 12. Ne3 Nge7 13. f4 Nd4 14. c3 Nxe2+ 15. Qxe2 1/2-1/2

[Event "Oberwart op 25th"]
[Site "Oberwart"]
[Date "2003.07.07"]
[Round "3"]
[White "Frick, Guenter"]
[Black "Berkes, Ferenc"]
[Result "0-1"]
[WhiteElo "2072"]
[BlackElo "2590"]
[PlyCount "44"]
[EventDate "2003.07.05"]
[EventType "swiss"]
[EventRounds "9"]
[EventCountry "AUT"]
[SourceTitle "CBM 095 Extra"]
[Source "ChessBase"]
[SourceDate "2003.09.04"]
[SourceVersion "1"]
[SourceVersionDate "2003.09.04"]
[SourceQuality "1"]

1. d4 Nf6 2. c4 e6 3. Nc3 Bb4 4. Bd2 0-0 5. e3 c5 6. dxc5 Bxc5 7. Nf3 b6 8. a3 Bb7 9. Be2 Be7 10. 0-0 d6 11. Rc1 a6 12. Qb3 Nbd7 13. Na4 Qc7 14. Rfd1 Rac8 15. Bb4 Ne4 16. h3 b5 17. cxb5 Qxc1 18. Rxc1 Rxc1+ 19. Kh2 Bd5 20. Qd3 Nxf2 21. Qd4 Rh1+ 22. Kg3 Ne4+ 0-1

[Event "AUT-chT3 9899"]
[Site "Austria"]
[Date "1998.12.04"]
[Round "6"]
[White "Frick, Guenter"]
[Black "Maier, Peter"]
[Result "0-1"]
[WhiteElo "2155"]
[BlackElo "2190"]
[PlyCount "92"]
[EventDate "1998.??.??"]
[EventType "team"]
[EventRounds "9"]
[EventCountry "AUT"]
[SourceTitle "EXT 2002"]
[Source "ChessBase"]
[SourceDate "2001.11.25"]
[SourceVersion "1"]
[SourceVersionDate "2001.11.25"]
[SourceQuality "1"]

1. Nf3 Nf6 2. d4 g6 3. g3 Bg7 4. Bg2 0-0 5. 0-0 d6 6. c4 Nbd7 7. Nc3 e5 8. e3 c6 9. Qc2 Re8 10. dxe5 dxe5 11. Rd1 Qc7 12. b3 Nc5 13. Ba3 Bf5 14. Qe2 Qa5 15. Bxc5 Qxc5 16. e4 Bg4 17. Na4 Qa5 18. h3 Bxf3 19. Qxf3 Rad8 20. Qe3 Rd4 21. Rxd4 exd4 22. Qd3 Nd7 23. Rc1 b5 24. cxb5 cxb5 25. Nc5 Rc8 26. b4 Qxb4 27. Nb3 Rxc1+ 28. Nxc1 Nc5 29. Qf1 Qc4 30. Qd1 d3 31. Bf3 Bb2 32. Nb3 Na4 33. Qd2 Kg7 34. Qg5 Bf6 35. Qf4 Nb2 36. Qd6 Qc3 37. Qd7 Nc4 38. Qxb5 d2 39. Bd1 Nb2 40. Qe2 Nc4 41. Kg2 a5 42. Qf3 a4 43. Nc5 Nb2 44. e5 Bxe5 45. Nd7 Nxd1 46. Nxe5 Qxe5 0-1

[Event "AUT-chT3 9899"]
[Site "Austria"]
[Date "1998.10.09"]
[Round "2"]
[White "Frick, Guenter"]
[Black "Kuemin, Simon"]
[Result "0-1"]
[WhiteElo "2155"]
[BlackElo "2120"]
[PlyCount "110"]
[EventDate "1998.??.??"]
[EventType "team"]
[EventRounds "9"]
[EventCountry "AUT"]
[SourceTitle "EXT 2002"]
[Source "ChessBase"]
[SourceDate "2001.11.25"]
[SourceVersion "1"]
[SourceVersionDate "2001.11.25"]
[SourceQuality "1"]

1. Nf3 Nf6 2. d4 e6 3. c4 Bb4+ 4. Bd2 Qe7 5. a3 Bxd2+ 6. Nbxd2 d6 7. e4 e5 8. d5 a5 9. b4 Na6 10. Be2 0-0 11. 0-0 Bg4 12. Qb3 Bxf3 13. Bxf3 c6 14. dxc6 bxc6 15. b5 Nc5 16. Qe3 Rfb8 17. a4 Ne6 18. Nb3 c5 19. Rfe1 Nd4 20. Bd1 Nd7 21. Nd2 Nf8 22. Nb1 Qe6 23. Qd3 Ng6 24. g3 Ne7 25. Nc3 Rb7 26. Rb1 Nc8 27. Nd5 Nb6 28. Ne3 g6 29. Nd5 Nxd5 30. exd5 Qd7 31. f4 exf4 32. gxf4 Re8 33. Qc3 Rxe1+ 34. Qxe1 Qf5 35. Rb2 Qxf4 36. Qxa5 Qc1 37. Qa8+ Kg7 38. Qxb7 Qxb2 39. Qe7 Qc1 40. Kf2 Qxd1 41. b6 Qf3+ 42. Ke1 Qg2 43. Kd1 Nf3 44. Qe3 Qf1+ 45. Kc2 Qxc4+ 46. Kb2 Nd4 47. Qc3 Qxa4 48. Kb1 Qd1+ 49. Ka2 Qc2+ 50. Qxc2 Nxc2 51. Kb3 Nb4 52. Kc4 Na6 53. Kb5 Nb8 54. b7 Kf6 55. Kb6 Ke7 0-1

[Event "AUT-chT3 9798"]
[Site "Vorarlberg "]
[Date "1997.11.21"]
[Round "4"]
[White "Frick, Guenter"]
[Black "Drexel, Christof"]
[Result "1-0"]
[WhiteElo "2160"]
[BlackElo "2230"]
[PlyCount "65"]
[EventDate "1997.??.??"]
[EventType "team-tourn"]
[EventRounds "9"]
[EventCountry "AUT"]
[SourceTitle "EXT 1999"]
[Source "ChessBase"]
[SourceDate "1998.11.16"]
[SourceVersion "1"]
[SourceVersionDate "1998.11.16"]
[SourceQuality "1"]

1. Nf3 d5 2. d4 Nf6 3. c4 dxc4 4. Nc3 Bf5 5. e3 e6 6. Bxc4 c6 7. a4 a5 8. Qb3 Qc7 9. Nh4 Bg6 10. Nxg6 hxg6 11. h3 Bb4 12. Bd2 Nbd7 13. Rc1 Nb6 14. Bd3 Qd7 15. Be2 0-0 16. Bf3 Rfd8 17. Rd1 Rac8 18. Ne4 Bxd2+ 19. Nxd2 Nfd5 20. Ne4 Qe7 21. 0-0 Nb4 22. Rfe1 e5 23. dxe5 Qxe5 24. Rxd8+ Rxd8 25. Rd1 Rxd1+ 26. Qxd1 N4d5 27. b3 Qe7 28. h4 Qxh4 29. Qd2 Nb4 30. Qd6 Na6 31. g3 Nc8 32. Qd7 Nb6 33. Qe8+ 1-0

[Event "AUT-chT 9697"]
[Site "Vorarlberg"]
[Date "1996.??.??"]
[Round "?"]
[White "Bezler, Rainer"]
[Black "Frick, Guenter"]
[Result "1/2-1/2"]
[WhiteElo "2250"]
[BlackElo "2155"]
[PlyCount "120"]
[EventDate "1996.??.??"]
[EventType "team"]
[EventRounds "9"]
[EventCountry "AUT"]
[SourceTitle "EXT 1999"]
[Source "ChessBase"]
[SourceDate "1998.11.16"]
[SourceVersion "1"]
[SourceVersionDate "1998.11.16"]
[SourceQuality "1"]

1. d4 Nf6 2. c4 g6 3. Nc3 Bg7 4. Nf3 0-0 5. e4 d6 6. Be2 c5 7. 0-0 cxd4 8. Nxd4 Nc6 9. Be3 Bd7 10. h3 Rc8 11. Rc1 Nxd4 12. Bxd4 Bc6 13. Qd2 e5 14. Be3 Nxe4 15. Nxe4 Bxe4 16. Rfd1 Bc6 17. Qxd6 Qxd6 18. Rxd6 Rfe8 19. Bxa7 Bf8 20. Rd2 Bb4 21. Rd3 e4 22. Rb3 Bd2 23. Rd1 Bh6 24. Be3 Bg7 25. c5 Ra8 26. a3 Red8 27. Rxd8+ Rxd8 28. f3 f5 29. Kf2 Be5 30. fxe4 f4 31. Bc1 Bd4+ 32. Kf3 g5 33. Bc4+ Kg7 34. Rd3 Rd7 35. b4 Be5 36. Rxd7+ Bxd7 37. Bd5 Bc8 38. a4 h5 39. b5 g4+ 40. hxg4 hxg4+ 41. Ke2 Kf6 42. Bd2 g3 43. c6 b6 44. a5 bxa5 45. Bxa5 Bg4+ 46. Kf1 f3 47. gxf3 Bh3+ 48. Ke2 Bd4 49. f4 g2 50. e5+ Bxe5 51. Bxg2 Bxg2 52. Kf2 Bh1 53. Ke3 Bd6 54. Bd8+ Ke6 55. Bg5 Bc5+ 56. Kd3 Kd5 57. Bf6 Be4+ 58. Kc3 Bd6 59. Be5 Bxe5+ 60. fxe5 Kxe5 1/2-1/2

[Event "AUT-chT 9697"]
[Site "Vorarlberg"]
[Date "1996.??.??"]
[Round "?"]
[White "Frick, Guenter"]
[Black "Novkovic, Julia"]
[Result "0-1"]
[WhiteElo "2155"]
[BlackElo "2080"]
[PlyCount "76"]
[EventDate "1996.??.??"]
[EventType "team"]
[EventRounds "9"]
[EventCountry "AUT"]
[SourceTitle "EXT 1999"]
[Source "ChessBase"]
[SourceDate "1998.11.16"]
[SourceVersion "1"]
[SourceVersionDate "1998.11.16"]
[SourceQuality "1"]

1. Nf3 g6 2. e4 Bg7 3. d4 c5 4. dxc5 Qa5+ 5. c3 Qxc5 6. Be3 Qc7 7. Nbd2 d6 8. Nd4 Nf6 9. Nb5 Qd8 10. Nxa7 Bd7 11. Qb3 Nc6 12. Bb6 Qb8 13. Nb5 0-0 14. Nc7 Be6 15. Nxe6 fxe6 16. Qxe6+ Kh8 17. Be2 Ne8 18. h4 Nc7 19. Qd7 Na6 20. h5 g5 21. h6 Bf6 22. Qh3 Nc5 23. Bxc5 dxc5 24. Qe3 b6 25. g3 Ne5 26. f4 Ng6 27. e5 gxf4 28. gxf4 Bh4+ 29. Rxh4 Nxh4 30. 0-0-0 Nf5 31. Qe4 Ng3 32. Qg2 Nxe2+ 33. Qxe2 Rxf4 34. Rg1 Qf8 35. Rg7 Rd8 36. Ne4 Rxe4 37. Rxh7+ Kxh7 38. Qxe4+ Kh8 0-1